Characterizing Edge Betweenness-uniform Graphs

Prezentácia výsledkov zahŕňajúce vlastnosti hranovo medziľahlostne autorcentrických grafov a ich šturktúra a vlastnosti. Grafy okrajov s univerzálnym vrcholom. Grafy s jednotným počtom najkratších ciest.

Uložené v:
Podrobná bibliografia
Hlavný autor: Coroničová Hurajová, Jana, 1986-
Ďalší autori: Madaras, Tomáš, Darren, Narayan A.
Médium: Kapitola
Jazyk:English
Predmet:
Tagy: Pridať tag
Žiadne tagy, Buďte prvý, kto otaguje tento záznam!

MARC

LEADER 00000naa a2200000 4500
001 0286390
005 20240502083914.5
041 0 |a eng 
044 |a US 
245 1 0 |a Characterizing Edge Betweenness-uniform Graphs  |c Jana Coroničová Hurajová, Tomáš Madaras, Narayan A. Darren 
520 |a Prezentácia výsledkov zahŕňajúce vlastnosti hranovo medziľahlostne autorcentrických grafov a ich šturktúra a vlastnosti. Grafy okrajov s univerzálnym vrcholom. Grafy s jednotným počtom najkratších ciest. 
610 2 0 |a grafy 
610 2 0 |a matematika 
610 2 0 |a štatistika 
100 1 |a Coroničová Hurajová, Jana, 1986- 
700 1 |a Madaras, Tomáš 
700 1 |a Darren, Narayan A.